2024 - Jaaroverzicht - Statistieken

Algemene statistieken
  • Deze quiz is 54 keer genomen
  • De gemiddelde score is 14 van 26
Antwoordstatistieken
Beschrijving Antwoord % Correct
Koningin Marghrete II treed in januari af. Ze was 52 jaar lang koningin van ... Denemarken
83%
Deze sportman wint in oktober voor de 4e keer het WK Formule 1. Max Verstappen
80%
Het EK voetbal vond in juli plaats in dit land. Duitsland
73%
Dit land in Azië verplaatste in augustus de hoofdstad van Jakarta naar Nusantara. Indonesië
73%
Deze razend populaire artieste brengt in april haar 11e album uit. Taylor Swift
70%
Deze politicus verliest in november de Amerikaanse presidentsverkiezingen van Donald Trump. Kamala Harris
65%
Deze kathedraal wordt in december, 5 jaar na een vreselijke brand, eindelijk heropend. Notre Dame van Parijs
65%
Deze politicus wordt in april de nieuwe premier van Nederland. Dick Schoof
63%
Dit Zuid-Europees land legaliseert als eerst orthodoxe land het homohuwelijk. Griekenland
63%
Dit land won het Eurovisiesongfestival. Zwitserland
63%
Het Eurovisiesongfestival van 2024 gaat in mei door in deze Zweedse stad. Malmö
60%
In oktober volgt deze politicus Jens Stoltenberg op als Secretaris-Generaal van de NAVO. Mark Rutte
58%
Deze Spaanse regio wordt ook in oktober door zware overstromingen getroffen. Valencia
58%
Deze Russische activist komt in februari om in een gevangeniskamp. Aleksej Navalny
53%
Meer dan 1.300 mensen komen in deze stad om het leven tijdens de jaarlijkse hadj. Mekka
50%
Deze film met Cillian Murphy wint 7 oscars. Oppenheimer
48%
Deze politicus heeft sinds juni zijn handen vol met de Belgische federale regeringsonderhandelingen. Bart de Wever
43%
Deze Belgische busbouwer wordt in maart failliet verklaard. Van Hool
40%
Deze leider vlucht naar Moskou nadat rebbellen in december zijn land overnemen. Bashar al Assad
38%
UNICEF begint in september een grote vaccinatiecampagne in Gaza tegen deze ziekte. Polio
38%
Deze zanger wordt in juli veroordeeld tot 2 jaar gevangenisstraf wegens poging tot verkrachting Ali B
35%
In september komt Hassan Nasrallah om het leven, de leider van deze terreurgroep. Hezbollah
35%
Oekraïne valt in augustus Rusland binnen. In deze regio kunnen ze heel wat veroveren. Koersk
30%
Nog in mei wordt een aanslag gepleegd op Robert Fico. Hij is premier van ... Slowakije
28%
Deze rebellengroep valt in januari verschillende koopvaardijschepen aan in de Rode Zee. Houthi's
25%
De Klimaatconferentie van de VN vond in november dit jaar plaats in deze stad. Bakoe
20%
Geen overeenkomende quizzen gevonden
Scoreverdeling
Procent van Mensen met Elke Score
Percentiel versus Aantal Correcte Antwoorden
Uw Scoregeschiedenis
U heeft deze quiz nog niet genomen